Mythologie grecque : les personnages de la guerre de Troie - Statistiques

Statistiques générales
  • Ce quiz a été pris 2 086 fois
  • Le résultat moyen est 11 sur 27
Statistiques - réponses
Camp Description Nom % Correct
Héros grec Roi des Myrmidons et guerrier invulnérable (à l'exception de son talon). Achille
98%
Héros grec Roi d'Ithaque, connu pour sa ruse du cheval et héros de l'Odyssée. Ulysse
92%
Héros troyen Fils du roi de Troie, il est à l'origine de la guerre de Troie pour avoir offert une pomme d'or à Aphrodite. Paris 
85%
Famille royale de Troie Femme d'un roi grec, enlevée par un fils du roi de Troie. Hélène
83%
Héros troyen Fils du roi et chef des Troyens. Hector
82%
Héros grec Roi de Mycènes et chef des armées grecques Agamemnon
81%
Héros grec Roi de Lacédémone, époux trompé à l'origine de la guerre. Ménélas
70%
Famille royale de Troie Roi de Troie. Priam
62%
Héros grec Ami d'enfance du plus grand guerrier grec, modèle de bonté. Patrocle
61%
Héros grec Roi de Salamine, fils de Télamon, le 2e plus fort des guerriers grecs. Ajax
59%
Héros grec Roi de Locres, fils d'Oïlée, guerrier réputé pour sa vitesse. Ajax
59%
Famille royale de Troie Fille du roi, devineresse condamnée à n'être jamais crue. Cassandre
47%
Héros troyen Fils d'Aphrodite, chef des Dardaniens, il sera le fondateur de Rome. Enée
47%
Famille royale de Troie Femme de l'héritier du trône de Troie. Andromaque
33%
Héros grec Roi de Pylos, guerrier très âgé, mais très sage. Nestor
33%
Famille royale de Troie Reine de Troie. Hécube
23%
Héros grec Roi d'Argos, guerrier redoutable protégé par Athéna. Diomède
19%
Héros troyen Fils du roi de Troie, prophète et archer. Hélénos
7%
Héros troyen Fils de Zeus, chef des Lyciens. Sarpédon
7%
Héros grec Roi de Crète, guerrier très habile dans l'utilisation de la lance. Idoménée
6%
Héros grec Roi de Trica avec son frère Podalire, excellent médecin, fils du dieu Asclépios. Machaon
5%
Héros grec Fils de Nestor et frère de Thrasymédès et de Pisistrate. Antiloque
4%
Héros troyen Autre fils du roi de Troie, guerrier redoutable. Déiphobe
4%
Héros troyen Petit-fils de Bellérophon, valeureux et courageux. Glaucos
4%
Héros grec Meilleur archer de l'armée grecque. Teucer
4%
Héros grec Guerrier, archer, et danseur. Mérion
3%
Héros troyen Chef des guerriers de Zélée, archer redoutable dont l'arc et les flèches proviennent d'Apollon. Pandaros
3%
Aucun quiz correspondant
Distribution des résultats
% des personnes avec chaque résultat
Percentile par nombre de réponses
Votre historique - résultats
Vous n’avez pas pris ce quiz